| 000 -ლიდერი |
| ფიქსირებული სიგრძის საკონტროლო ველი |
01288nam a2200241Ia 4500 |
| 001 - საკონტროლო ნომერი |
| საკონტროლო ველი |
3678 |
| 003 - საკონტროლო ნომრის იდენტიფიკატორი |
| საკონტროლო ველი |
GE_BSU |
| 005 - ბოლო ოპერაციის თარიღი და დრო |
| საკონტროლო ველი |
20190524145127.0 |
| 008 - ფიქსირებული სიგრძის მონაცემთა ელემენტები - ზოგადი ინფორმაცია |
| ფიქსირებული სიგრძის საკონტროლო ველი |
181216s1982||||ge |||||||||||||| ||geo|| |
| 040 ## - კატალოგიზაციის წყარო |
| Transcribing agency |
GE_BSU |
| 041 ## - ენის კოდი |
| Language code of text/sound track or separate title |
geo |
| 080 ## - უნივერსალური ათობითი კლასიფიკაციის ინდექსი |
| Universal Decimal Classification number |
517.53/55(072) კ–71 |
| 100 ## - მთავარი ჩანაწერი - პიროვნების სახელი |
| Personal name |
თოფურია,ს. |
| 9 (RLIN) |
1414 |
| 245 ## - ცნობა სათაურის შესახებ |
| Title |
კომპლექსური ცვლადის ფუნქციათა თეორიისა და ოპერაციული აღრიცხვის ელემენტები : დამხმ. სახელმძღვ. / |
| Statement of responsibility, etc |
ს. თოფურია ; გ. აბესაძე ; ვ. ხოჭოლავა ; რედ : ე.გიორგაძე. |
| 264 ## - წარმოების, გამოცემის, დისტრიბუციის და სხვა ცნობები |
| გამოცემის, წარმოების, დისტრიბუციის... ადგილი |
თბილისი : |
| გამოცემის, წარმოების, დისტრიბუციის... სახელწოდება |
სპი, |
| გამოცემის, წარმოების, დისტრიბუციის... თარიღი |
1982. |
| 300 ## - ფიზიკური აღწერა |
| Extent |
160 გვ .: |
| Dimensions |
20 სმ. |
| 653 ## - INDEX TERM--UNCONTROLLED |
| Uncontrolled term |
კომპლექსური ცვლადის ფუნქციათა თეორიისა და ოპერაციული აღრიცხვის ელემენტები |
| 653 ## - INDEX TERM--UNCONTROLLED |
| Uncontrolled term |
გეომეტრია |
| 700 ## - ADDED ENTRY--PERSONAL NAME |
| Personal name |
აბესაძე, გ |
| 9 (RLIN) |
1415 |
| 700 ## - ADDED ENTRY--PERSONAL NAME |
| Personal name |
ხოჭოლავა, ვ |
| 9 (RLIN) |
1493 |
| 700 ## - ADDED ENTRY--PERSONAL NAME |
| Personal name |
გიორგაძე, ე |
| Relator term |
რედაქტორი |
| 9 (RLIN) |
398 |
| 942 ## - ADDED ENTRY ELEMENTS (KOHA) |
| Koha item type |
წიგნი |
| Source of classification or shelving scheme |
|